Пропуск в контексте

Клиническая значимость определения HLA-DRB1-генотипов, ассоциированных с предрасположенностью или устойчивостью к сахарному диабету 1 типа, в различных этнических группах России Статья

Shranjeno v:
Bibliografske podrobnosti
Glavni avtor: Алексеев Л. П.
Format: Статья
Online dostop:https://znanium.com/catalog/document?id=7555
https://znanium.com/cover/0484/484370.jpg
Oznake: Označite
Brez oznak, prvi označite!
LEADER 01641nam0a2200241 i 4500
001 RU\infra-m\znanium\bibl\484370
003 https://znanium.com/catalog/document?id=7555
005 20200302000000.0
100 |a 20200302d2014 m y0rusy0150 ca 
101 0 |a rus 
102 |a RU 
200 1 |a Клиническая значимость определения HLA-DRB1-генотипов, ассоциированных с предрасположенностью или устойчивостью к сахарному диабету 1 типа, в различных этнических группах России  |e Статья 
210 1 |a Москва  |c ФГБУ "Эндокринологический научный центр" МинЗдрав РФ  |d 2007 
215 |a 4 с. 
333 |a Аспирантура 
606 |a Медицина. Фармакология  |x Эндокринология и болезни обмена веществ  |2 local 
608 |a Статья  |2 local 
700 1 |a Алексеев  |b Л. П.  |g Леонид Петрович 
701 1 |a Дедов  |b И. И.  |g Иван Иванович 
701 1 |a Хаитов  |b Р.М.  |g Рахим Мусаевич  |p Государственный научный центр "Институт Иммунологии" 
801 0 |a RU  |b Общество с ограниченной ответственностью «ЗНАНИУМ»  |c 20140821  |2 rusmarc 
856 4 |a znanium.com  |m ebs_support@infra-m.ru  |n НИЦ ИНФРА-М  |u https://znanium.com/catalog/document?id=7555 
856 4 1 |a znanium.com  |d /cover/0484  |f 484370.jpg  |q image/jpeg  |u https://znanium.com/cover/0484/484370.jpg